[Event "Crawley e2e4 Gatwick op U2050"]
[Site "Crawley"]
[Date "2016.05.27"]
[Round "1"]
[White "Faulkner, Martin J"]
[Black "Porter, Sam J"]
[Result "0-1"]
[WhiteElo "1828"]
[BlackElo "1991"]
[PlyCount "141"]
[EventDate "2016.05.27"]
[EventType "swiss"]
[EventRounds "7"]
[EventCountry "ENG"]
[SourceTitle "EXT 2019"]
[Source "ChessBase"]
[SourceDate "2018.10.10"]
[SourceVersion "1"]
[SourceVersionDate "2018.10.10"]
[SourceQuality "1"]

1. c4 Nf6 2. Nc3 g6 3. b4 Bg7 4. Bb2 0-0 5. Nf3 c6 6. e3 Re8 7. d4 d5 8. Bd3 Nbd7 9. 0-0 Nb6 10. c5 Nbd7 11. a4 e5 12. dxe5 Ng4 13. Qb3 Ndxe5 14. Be2 Nxf3+ 15. Bxf3 Ne5 16. Be2 Qh4 17. Nd1 Bg4 18. Bxg4 Qxg4 19. h3 Nf3+ 20. Kh1 Nd2 21. hxg4 Nxb3 22. Bxg7 Kxg7 23. Ra2 Re4 24. Nc3 Rxb4 25. Rb2 a5 26. Rfb1 Nxc5 27. Rxb4 axb4 28. Rxb4 Kf6 29. Kg1 Ke5 30. Kf1 Ra7 31. g5 f5 32. Rh4 b6 33. Rb4 Rb7 34. Ke2 Ne4 35. f4+ Kd6 36. Kd3 c5 37. Rb1 Kc6 38. Nb5 Re7 39. Rb2 Re8 40. Na7+ Kb7 41. Nb5 Ra8 42. Ra2 Kc6 43. Ra1 Nd6 44. Ra2 Nc4 45. Nc3 Re8 46. Nd1 Kb7 47. Re2 Ka6 48. Nc3 Rxe3+ 49. Rxe3 Nxe3 50. g3 d4 51. Nb5 Ka5 52. Nc7 Kxa4 53. Ne6 Nd5 54. Nf8 b5 55. Nxh7 b4 56. Nf6 Ne3 57. g4 b3 58. Nd7 Kb4 59. gxf5 Nxf5 60. Ne5 Ne7 61. Nf3 Nc6 62. Nd2 b2 63. Kc2 c4 64. Nb1 c3 65. f5 gxf5 66. g6 Ne7 67. g7 f4 68. Kd3 Kb3 69. Kxd4 c2 70. Nd2+ Kb4 71. Ne4 0-1

[Event "BCF-ch Atkins op"]
[Site "Coventry"]
[Date "2015.08.02"]
[Round "5"]
[White "Faulkner, Martin J"]
[Black "Ramdewar, Ishan"]
[Result "1/2-1/2"]
[WhiteElo "1809"]
[BlackElo "1802"]
[PlyCount "87"]
[EventDate "2015.07.31"]
[EventType "swiss"]
[EventRounds "5"]
[EventCountry "ENG"]
[SourceTitle "CBM 167 Extra"]
[Source "ChessBase"]
[SourceDate "2015.09.14"]
[SourceVersion "1"]
[SourceVersionDate "2015.09.14"]
[SourceQuality "1"]

1. Nf3 d5 2. c4 e6 3. g3 Nf6 4. Bg2 c5 5. 0-0 Be7 6. b3 Nc6 7. Bb2 0-0 8. e3 b6 9. cxd5 exd5 10. d4 Bg4 11. dxc5 bxc5 12. h3 Be6 13. Qe2 Qa5 14. Rd1 Rac8 15. Nbd2 Rfd8 16. Ne5 Nxe5 17. Bxe5 Nd7 18. Bb2 Bf6 19. Nf3 c4 20. Bxf6 Nxf6 21. Nd4 Rd6 22. Rac1 Qb4 23. bxc4 dxc4 24. Rb1 Qa4 25. Rdc1 Rb6 26. Rxb6 axb6 27. Nxe6 fxe6 28. Qb2 b5 29. Qe5 Kf7 30. Bb7 Rd8 31. Bf3 Qa6 32. Qc7+ Rd7 33. Qe5 Qxa2 34. Ra1 Qb3 35. Kg2 Qb4 36. Bc6 Qd6 37. Qxd6 Rxd6 38. Ra7+ Kg6 39. Bxb5 Rd2 40. Bxc4 Ne4 41. Kf3 Ng5+ 42. Kg2 Ne4 43. Kf3 Ng5+ 44. Kg2 1/2-1/2

[Event "BCF-ch Atkins op"]
[Site "Coventry"]
[Date "2015.08.01"]
[Round "2"]
[White "Clark, Ian C"]
[Black "Faulkner, Martin J"]
[Result "1-0"]
[WhiteElo "2021"]
[BlackElo "1809"]
[PlyCount "79"]
[EventDate "2015.07.31"]
[EventType "swiss"]
[EventRounds "5"]
[EventCountry "ENG"]
[SourceTitle "CBM 167 Extra"]
[Source "ChessBase"]
[SourceDate "2015.09.14"]
[SourceVersion "1"]
[SourceVersionDate "2015.09.14"]
[SourceQuality "1"]

1. e4 c5 2. Nf3 e6 3. d4 cxd4 4. Nxd4 a6 5. c4 Qc7 6. Nc3 Nf6 7. Be2 Bb4 8. 0-0 Nc6 9. Nxc6 dxc6 10. Qb3 Bd6 11. f4 e5 12. f5 Bc5+ 13. Kh1 Bd4 14. Bg5 Qd6 15. Rad1 Nd7 16. Be3 Qf6 17. Rf3 0-0 18. Rg3 Bxe3 19. Rxe3 b5 20. a4 Nc5 21. Qa3 Nxa4 22. Nxa4 bxa4 23. Rd6 Qg5 24. Rg3 Qf4 25. f6 g6 26. Qd3 Rb8 27. Rf3 Qc1+ 28. Rf1 Qh6 29. Qc3 Re8 30. Bd1 Qf8 31. c5 a5 32. Bxa4 Ba6 33. Rfd1 Bb5 34. Bxb5 Rxb5 35. Rxc6 Rc8 36. Rxc8 Qxc8 37. c6 h5 38. c7 Kh7 39. Rd8 Qg4 40. c8Q 1-0

[Event "BCF-ch Atkins op"]
[Site "Aberystwyth"]
[Date "2014.07.26"]
[Round "2"]
[White "London, Nick J"]
[Black "Faulkner, Martin J"]
[Result "1-0"]
[WhiteElo "1930"]
[BlackElo "1796"]
[PlyCount "63"]
[EventDate "2014.07.25"]
[EventType "tourn"]
[EventRounds "5"]
[EventCountry "WLS"]
[SourceTitle "EXT 2017"]
[Source "ChessBase"]
[SourceDate "2016.10.25"]
[SourceVersion "1"]
[SourceVersionDate "2016.10.25"]
[SourceQuality "1"]

1. d4 d5 2. Bf4 Nf6 3. e3 c5 4. c3 Nc6 5. Bd3 e6 6. Nd2 Qb6 7. Rb1 c4 8. Bc2 Qa5 9. a3 Be7 10. h3 Qd8 11. Ngf3 Nh5 12. Bh2 g6 13. e4 Bd6 14. Ne5 Nxe5 15. dxe5 Bc5 16. exd5 exd5 17. Nf3 0-0 18. 0-0 Be6 19. Qd2 Re8 20. g4 Ng7 21. Qh6 Be7 22. Bf4 Qd7 23. Kg2 Nh5 24. gxh5 Bxh3+ 25. Kh2 Qg4 26. Rg1 Qxf3 27. hxg6 fxg6 28. Bxg6 Qxf2+ 29. Kxh3 Qf3+ 30. Kh2 Qf2+ 31. Rg2 Bf8 32. Qxh7# 1-0